| 000 | 00519nam a2200253Ia 4500 | ||
|---|---|---|---|
| 001 | 066350 | ||
| 003 | YMCAF | ||
| 005 | 20230512160353.0 | ||
| 008 | 100717s1976 ||||||||||||||||| ||und|d | ||
| 020 | _a- | ||
| 024 | _a66350 | ||
| 035 | _a5813 | ||
| 040 |
_aYMCAF _beng _cIN-KoLT |
||
| 041 | _aeng | ||
| 082 |
_a420 _bBER |
||
| 100 | _aBerry, T E | ||
| 245 | 0 | _aMost common mistakes in english usage | |
| 250 | _a- | ||
| 260 |
_bTMH _c1976 |
||
| 300 | _a146 | ||
| 653 | _a- | ||
| 653 | _a- | ||
| 942 |
_2ddc _cBK |
||
| 999 |
_c3978 _d3978 |
||